000 00722nam a22002057a 4500
003 BD-DhJNU
005 20250423073612.0
008 250423b |||||||| |||| 00| 0 eng d
020 _a9840516116
040 _aBD-DhJNU
_bENG
_cBD-DhJNU
_dBD-DhJNU
082 _223
_a305.42095492 ROP
100 _aRozario, Santi
245 _aPurity and communal boundaries :
_bwomen and social change in a Bangladeshi village /
_cSanti Rozario
260 _aDhaka :
_bThe University Press,
_c2001.
300 _axxvii, 200p. :
_bill. ;
_c22 cm.
504 _aIncludes bibliographical references and index
650 _aWomen
_vBangladesh
_x Social
_zconditions
650 _a Social change
_xBangladesh
_y Dorian
942 _2ddc
_cBK
_n0
999 _c1608
_d1608